<?xml version="1.0" encoding="UTF-8"?>
<record
    xmlns:xsi="http://www.w3.org/2001/XMLSchema-instance"
    xsi:schemaLocation="http://www.loc.gov/MARC21/slim http://www.loc.gov/standards/marcxml/schema/MARC21slim.xsd"
    xmlns="http://www.loc.gov/MARC21/slim">

  <leader>00665nam a22001457a 4500</leader>
  <controlfield tag="003">OSt</controlfield>
  <controlfield tag="005">20150922135459.0</controlfield>
  <controlfield tag="008">150922b        xxu||||| |||| 00| 0 eng d</controlfield>
  <datafield tag="040" ind1=" " ind2=" ">
    <subfield code="c">RUA</subfield>
  </datafield>
  <datafield tag="082" ind1=" " ind2=" ">
    <subfield code="a">AGR PHU 2007 B035 Or.1</subfield>
  </datafield>
  <datafield tag="100" ind1=" " ind2=" ">
    <subfield code="9">1105</subfield>
    <subfield code="a">PHUONG KESNY </subfield>
  </datafield>
  <datafield tag="245" ind1=" " ind2=" ">
    <subfield code="a">Effect of organic fertilizers on frenchbean in the crop station of the royal university of agriculture,(&#x17A5;&#x1791;&#x17D2;&#x1792;&#x17B7;&#x1796;&#x179B;&#x1787;&#x17B8;&#x1792;&#x1798;&#x17D2;&#x1798;&#x1787;&#x17B6;&#x178F;&#x17B7;&#x1791;&#x17C5;&#x179B;&#x17BE;&#x178A;&#x17C6;&#x178E;&#x17B6;&#x17C6;&#x179F;&#x178E;&#x17D2;&#x178A;&#x17C2;&#x1780;&#x1794;&#x17B6;&#x179A;&#x17C6;&#x17B6;&#x1784;&#x1780;&#x17D2;&#x1793;&#x17BB;&#x1784;&#x179B;&#x1780;&#x17D2;&#x1781;&#x1781;&#x178E;&#x17D2;&#x178C;&#x179F;&#x17B6;&#x1780;&#x179B;&#x179C;&#x17B7;&#x1791;&#x17D2;&#x1799;&#x17B6;&#x179B;&#x17D0;&#x1799;&#x1797;&#x17BC;&#x1798;&#x17B7;&#x1793;&#x17D2;&#x1791;&#x1780;&#x179F;&#x17B7;&#x1780;&#x1798;&#x17D2;&#x1798;)</subfield>
  </datafield>
  <datafield tag="300" ind1=" " ind2=" ">
    <subfield code="a">xiv,51p.</subfield>
    <subfield code="c">ill.</subfield>
    <subfield code="g">29cm.</subfield>
  </datafield>
  <datafield tag="942" ind1=" " ind2=" ">
    <subfield code="2">ddc</subfield>
    <subfield code="c">AGR</subfield>
  </datafield>
  <datafield tag="999" ind1=" " ind2=" ">
    <subfield code="c">1058</subfield>
    <subfield code="d">1058</subfield>
  </datafield>
  <datafield tag="952" ind1=" " ind2=" ">
    <subfield code="0">0</subfield>
    <subfield code="1">0</subfield>
    <subfield code="2">ddc</subfield>
    <subfield code="4">0</subfield>
    <subfield code="6">AGR_PHU_2007_000000000000000_B035_OR_1</subfield>
    <subfield code="7">0</subfield>
    <subfield code="9">4356</subfield>
    <subfield code="a">LBB</subfield>
    <subfield code="b">LBB</subfield>
    <subfield code="c">B035</subfield>
    <subfield code="d">2015-09-22</subfield>
    <subfield code="o">AGR PHU 2007 B035 Or.1</subfield>
    <subfield code="p">RUA002801</subfield>
    <subfield code="r">2015-09-22</subfield>
    <subfield code="w">2015-09-22</subfield>
    <subfield code="y">AGR</subfield>
  </datafield>
  <datafield tag="952" ind1=" " ind2=" ">
    <subfield code="0">0</subfield>
    <subfield code="1">0</subfield>
    <subfield code="2">ddc</subfield>
    <subfield code="4">0</subfield>
    <subfield code="6">AGR_PHU_2007_000000000000000_B035_OR_2</subfield>
    <subfield code="7">0</subfield>
    <subfield code="9">4357</subfield>
    <subfield code="a">LBB</subfield>
    <subfield code="b">LBB</subfield>
    <subfield code="c">B035</subfield>
    <subfield code="d">2015-09-22</subfield>
    <subfield code="o">AGR PHU 2007 B035 Or.2</subfield>
    <subfield code="p">RUA002883</subfield>
    <subfield code="r">2015-09-22</subfield>
    <subfield code="w">2015-09-22</subfield>
    <subfield code="y">AGR</subfield>
  </datafield>
  <datafield tag="952" ind1=" " ind2=" ">
    <subfield code="0">0</subfield>
    <subfield code="1">0</subfield>
    <subfield code="2">ddc</subfield>
    <subfield code="4">0</subfield>
    <subfield code="6">AGR_PHU_2007_000000000000000_B1_194_OR_1</subfield>
    <subfield code="7">0</subfield>
    <subfield code="9">76465</subfield>
    <subfield code="a">LBB</subfield>
    <subfield code="b">LBB</subfield>
    <subfield code="c">B1.194</subfield>
    <subfield code="d">2018-12-24</subfield>
    <subfield code="o">AGR PHU 2007 B1.194 Or.1</subfield>
    <subfield code="p">A41174</subfield>
    <subfield code="r">2018-12-24</subfield>
    <subfield code="w">2018-12-24</subfield>
    <subfield code="y">AGR</subfield>
  </datafield>
</record>
